000 00668nam a22002650a 4500
001 PT30361
003 AR-LpoUNG
005 20210131233623.0
008 191001s1993||||ag |||||||||||||||||spa d
020 _a9507424191
_c$100
040 _aAR-LpoUNG
_bspa
_cAR-LpoUNG
_eaacr
041 _aspa
044 _aag
082 0 _aA863 263jar
100 1 _aSavater, Fernando
245 1 3 _aEl jardín de las dudas
250 _a2§ edición
260 _aBuenos Aires :
_bPlaneta,
_cnoviembre 1993.
300 _a248 p. :
_bil.
650 4 _aFILOSOFIA
650 4 _aLITERATURA
651 4 _aDOCUMENTOS TEORICOS O METODOLOGICOS
905 _a30361
942 _cLIB
999 _c21761
_d21761